Building efficiency (Record no. 204)

MARC details
000 -LEADER
fixed length control field 01283cab a2200181 4500
001 - CONTROL NUMBER
control field ABS36821
008 - FIXED-LENGTH DATA ELEMENTS--GENERAL INFORMATION
fixed length control field 090401t1986 xxu||||| |||| 00| 0 eng d
035 ## - SYSTEM CONTROL NUMBER
System control number (Sirsi) u471
041 ## - LANGUAGE CODE
Language code of text/sound track or separate title eng
245 ## - TITLE STATEMENT
Title Building efficiency
260 ## - PUBLICATION, DISTRIBUTION, ETC.
Date of publication, distribution, etc. 1986
350 ## - PRICE (NR) (BK AM CF MU VM SE) [OBSOLETE]
Price 0
490 ## - SERIES STATEMENT
Series statement Building
Volume/sequential designation 251 (7463) 19 September 1986, p57-74 (11)
520 ## - SUMMARY, ETC.
Summary, etc. Running costs of highly serviced office buildings , are soaring. 1. Life cycle costing . Choice for life. R.Matthews, p58-59 (2) Demonstrates the approach to life cycle costing adopted by the University of Reading. 2. High-tech design. Service cost. Duffy, F. and Williams, B. , p59-61 (3) 40-50% of the budget for the design of a new office building may be absorbed by mechanical and electrical services because of new technology. 3. Smart offices . Think ahead. Atkinson,G. , p61-62 (2) Smart offices have an electronic management system which incorporates control over building services including a telecom network with facilities for sound and digital transmission and a supervisory service with access control, CCTV, smoke and heat detection. Examines the cost-effectiveness of such systems. 4.Product review of building management systems p67-74 (5)
690 ## - LOCAL SUBJECT ADDED ENTRY--TOPICAL TERM (OCLC, RLIN)
Topical term or geographic name as entry element BUILT ENVIRONMENT-BUILDING COSTS
942 ## - ADDED ENTRY ELEMENTS (KOHA)
Suppress in OPAC 0
948 ## - LOCAL PROCESSING INFORMATION (OCLC); SERIES PART DESIGNATOR (RLIN)
c (OCLC) 04/03/1997
Holdings
Withdrawn status Lost status Source of classification or shelving scheme Damaged status Not for loan Home library Current library Shelving location Date acquired Total Checkouts Full call number Barcode Date last seen Copy number Price effective from Koha item type
    Dewey Decimal Classification     London London Journal article 14/09/1999   ABS36821 471-1001 06/08/2019 1 06/08/2019 Journal article